| 000 | 00437nam a2200145Ia 4500 | ||
|---|---|---|---|
| 999 |
_c16722 _d16722 |
||
| 082 | _aTA.0194 | ||
| 100 | _aArya, Maya Rani | ||
| 245 | 0 |
_aMalwa ki parmarkalin kala _b: |
|
| 260 |
_bVikram Viswa Vidyalaya _aUjjain _c1976 |
||
| 300 | _a233 | ||
| 650 |
_aArchealogy _zIndia _zMalwa (Madhya Pradesh and Rajasthan) |
||
| 650 |
_aSculpture _zIndia _zMalwa (Madhya Pradesh and Rajasthan) |
||
| 710 | _aUpadhyaya, Bhagawatsaran | ||
| 942 |
_cTH _2ddc |
||